000 00503nam a22001817a 4500
999 _c41792
_d41792
003 OSt
005 20221109135506.0
008 221109b ||||| |||| 00| 0 eng d
020 _a 9788173718892
040 _coclc
082 _a576
_bANA/T
100 _94889
_aAnanthanarayan, R
245 _aTextbook of microbiology /
_cArti Kapil
250 _a9th ed.
260 _aHyderabad:
_bUniversities Press,
_c2016.
300 _a710 p
942 _2ddc
_cBK
_h576
_iANA/T
_k576
_mANA/T